1844 1340 1131 1660 1914 1025 1798 1167 1234 1771 1704 1081 1837 1528 1721 1615 1134 1801 1803 1224 1839 1047 1668 1557 1781 1824 1241 1529 1304 1116 1272 1589 1687 1673 1851 1204 1146 1326 1467 1716 1211 1733 1444 1530 1319 1773 1378 1998 1752 1554 1566 1291 1010 1526 1501 1726 1781 1164 1721 1973 1341 1631 1107 1785 1297 1461 1096 1576 1369 1585 1343 1581 1768 1348 1440 1528 1066 1500 1786 1033 1623 1947 1246 1827 1624 1485 1722 1090 1812 1978 1759 1032 1664 1999 1818 1533 1526 1160 1002 BCNSPRNW ULIB Ver.6.0+V

เปลี่ยนเป็นภาษาไทย

Change to English
 แสดงรายละเอียดบรรณานุกรม
  กลับหน้าหลัก

Brief Record : Get Marc (ISO 2709) : E-mail record : QR code < ปิดหน้าต่าง
LEADER : 00000nam 2200000uu 4500
001    13399129043
003     ULIB
008    250528s2565||||th 000 0 tha d
020    ^a9786169203568
060  4 ^aWO500^bฉ367ต
100 0  ^aเฉนียน เรืองเศรษฐกิจ, บรรณาธิการ
245 10 ^aตำราหัตถการพื้นฐานศัลยศาสตร์ /^cบรรณาธิการ, เฉนียน เรืองเศรษฐกิจ, พลากร สุรกุลประภา, กษยา ตันติผลาชีวะ, ธีรนุช บุญพิพัฒนาพงศ์ และ บูรพา กาญจนบัตร
250    ^aพิมพ์ครั้งที่ 3
260    ^aกรุงเทพฯ :^bราชวิทยาลัยศัลยแพทย์แห่งประเทศไทย,^c2565
300    ^a320 หน้า :^bภาพประกอบสี ;^c21 ซม
500    ^aผู้ใหญ่
504    ^aบรรณานุกรมท้ายบท
505 0  ^aการล้างมือ การสวมเสื้อกาวน์ และเทคนิคปลอดเชื้อเบื้องต้น --เครื่องมือพื้นฐานทางศัลยกรรม -- การป้องกันอุบัติเหตุทางการแพทย์ --การดูแลแผลและสายระบาย --การฉีดยาระงับความรู้สึกเฉพาะที่และการฉีดยาชาที่นิ้ว -- การเย็บและการผูก-- การผ่าตัดก้อนทูมผิวหนังชนิดเป็นถุง และก้อนไขมันใต้ผิวหนัง --การตรวจทางทวารหนัก -- การใส่สายทางจมูกลงสู่กระเพาะอาหาร --หัตถการพื้นฐานของเล็บ -- การใส่สายสวนกระเพาะปัสสาวะ --การดูแลทวารเทียม -- การใส่สายสวนหลอดเลือดดำส่วนกลาง --การใส่ท่อระบายทรวงอก -- การผ่าตัดไส้ติ่ง
650  2 ^aSurgical Instruments
650  7 ^aศัลยศาสตร์
650  7 ^aอุปกรณ์และเครื่องมือศัลยกรรม
700 0  ^aพลากร สุรกุลประภา,^eบรรณาธิการ
700 0  ^aกษยา ตันติผลาชีวะ,^eบรรณาธิการ
700 0  ^aธีรนุช บุญพิพัฒนาพงศ์ ,^eบรรณาธิการ
700 0  ^aบูรพา กาญจนบัตร,^eบรรณาธิการ
710 2  ^aราชวิทยาลัยศัลยแพทย์แห่งประเทศไทย
945    ^p300^l0^i011686
945    ^p300^l0^i011687
945    ^p300^l0^i011688
999    ^aประนอม เกษจรัล
รายการนี้ยังไม่มีแท็ก
คุณยังไม่ได้ล็อกอิน คุณสามารถมีกิจกรรมร่วมกับเว็บไซต์ได้ แต่ต้องล็อกอินก่อน ::
  ล็อกอิน

รายการสื่อสารสนเทศ

ลำดับที่ ประเภท เลขเรียก/บาร์โค้ด สถานที่ สถานะ
1. วิทยาศาสตร์การแพทย์ และสุขภาพ
หนังสือสำรอง
สถานะ=หนังสือสำรอง
WO500 ฉ367ต ฉ.1 
  Barcode: 011686
ห้องสมุดวิทยาเขตสวรรค์ประชารักษ์
►หนังสือทั่วไป
บนชั้น
2. วิทยาศาสตร์การแพทย์ และสุขภาพ
วิทยาศาสตร์การแพทย์ และสุขภาพ
WO500 ฉ367ต ฉ.2 
  Barcode: 011687
ห้องสมุดวิทยาเขตสวรรค์ประชารักษ์
►หนังสือทั่วไป
บนชั้น
3. วิทยาศาสตร์การแพทย์ และสุขภาพ
วิทยาศาสตร์การแพทย์ และสุขภาพ
WO500 ฉ367ต ฉ.3 
  Barcode: 011688
ห้องสมุดวิทยาเขตสวรรค์ประชารักษ์
►หนังสือทั่วไป
บนชั้น

รายการใกล้เคียง
    ผู้แต่ง [เฉนียน เรืองเศรษฐกิจ, บรรณาธิการ]

    หัวเรื่อง [Surgical Instruments]
    หัวเรื่อง [ศัลยศาสตร์]
    หัวเรื่อง [อุปกรณ์และเครื่องมือศัลยกรรม]

BibComment


ยังไม่เคยถูกคอมเมนท์

คอมเมนท์ทรัพยากรรายการนี้
  คอมเมนท์: ตำราหัตถการพื้นฐ..


 Copyright 2026. Bcnsprnw @Library